| 000 | 00410 a2200097 4500 | ||
|---|---|---|---|
| 082 | _a388.1 SHA | ||
| 100 | _aMunawar Shahzad Sharif | ||
| 245 |
_aAccident Analysis and Identification of Black Spots on Motorway (M - 1) Section Islamabad to Peshawar [MS Thesis] / _cMunawar Shahzad Sharif |
||
| 260 |
_aRawalpindi : _bNational Institute of Transportation, _c2009 |
||
| 300 |
_axi, 69p. : _bill. ; _c30 cm _eCD |
||
| 650 | _aTransportation Engineering | ||
| 999 |
_c2004 _d2004 |
||